Condiciones generales de la vida orgánica y división territorial / (Record no. 32748)

MARC details
000 -LEADER
campo de control de longitud fija 00607nam a2200181 i 4500
001 - NÚMERO DE CONTROL
campo de control 32748
003 - IDENTIFICADOR DE NÚMERO DE CONTROL
campo de control ES-MaACL
007 - CAMPO FIJO DE DESCRIPCIÓN FÍSICA--INFORMACIÓN GENERAL
campo de control de longitud fija t|
008 - DATOS DE LONGITUD FIJA--INFORMACIÓN GENERAL
campo de control de longitud fija 030131s1918 py ||||1| spa d
100 1# - ENTRADA PRINCIPAL--NOMBRE DE PERSONA
Nombre de persona Bertoni, Moisés S.
9 (RLIN) 28487
245 10 - MENCIÓN DEL TÍTULO
Título Condiciones generales de la vida orgánica y división territorial /
Mención de responsabilidad, etc. Moisés S. Bertoni (Helvetius).
260 ## - PUBLICACIÓN, DISTRIBUCIÓN, ETC.
Lugar de publicación, distribución, etc. Puerto Bertoni :
Nombre del editor, distribuidor, etc. Ex Sylvis,
Fecha de publicación, distribución, etc. 1918.
300 ## - DESCRIPCIÓN FÍSICA
Extensión 174 p. ;
Dimensiones 23 cm.
490 1# - MENCIÓN DE SERIE
Mención de serie Descripción física y económica del Paraguay
830 0# - PUNTO DE ACCESO ADICIONAL DE SERIE-TÍTULO UNIFORME
Título uniforme Descripción física y económica del Paraguay
9 (RLIN) 181451
852 ## - LOCALIZACIÓN
Ubicación ES-MaACL
Número de control de estantería G-4939
Holdings
Estatus retirado Estado de pérdida Estado de daño No para préstamo Biblioteca de origen Biblioteca actual Ubicación en estantería Fecha de adquisición Fuente de adquisición Total de préstamos Signatura topográfica completa Código de barras Visto por última vez Precio de reemplazo Tipo de ítem Koha
        Biblioteca del Ateneo de Madrid Biblioteca del Ateneo de Madrid Depósito 2 17/01/2008     G-4939 1033975 23/02/2023 23/02/2023 Libro impreso